Rosemary Gladstar's medicinal herbs : (Record no. 371)

MARC details
000 -LEADER
fixed length control field 01094cam a2200301 a 4500
005 - DATE AND TIME OF LATEST TRANSACTION
control field 20260322212017.0
008 - FIXED-LENGTH DATA ELEMENTS--GENERAL INFORMATION
fixed length control field data
010 ## - LIBRARY OF CONGRESS CONTROL NUMBER
LC control number 2011053101
020 ## - INTERNATIONAL STANDARD BOOK NUMBER
International Standard Book Number 9781612120058 (pbk. : alk. paper)
020 ## - INTERNATIONAL STANDARD BOOK NUMBER
International Standard Book Number 1612120059 (pbk. : alk. paper)
040 ## - CATALOGING SOURCE
Original cataloging agency DLC
Language of cataloging eng
Transcribing agency DLC
Modifying agency DLC
-- GCB
-- IHI
-- DLC
042 ## - AUTHENTICATION CODE
Authentication code pcc
050 00 - LIBRARY OF CONGRESS CALL NUMBER
Classification number RM666.H33
Item number G538 2012
082 00 - DEWEY DECIMAL CLASSIFICATION NUMBER
Classification number 615.3/21
Edition information 23
092 ## - LOCALLY ASSIGNED DEWEY CALL NUMBER (OCLC)
Classification number 615.3 Gla 2012
001 - CONTROL NUMBER
control field data
100 1# - MAIN ENTRY--PERSONAL NAME
Personal name Gladstar, Rosemary.
245 10 - TITLE STATEMENT
Title Rosemary Gladstar's medicinal herbs :
Remainder of title a beginner's guide /
Statement of responsibility, etc. Rosemary Gladstar.
246 30 - VARYING FORM OF TITLE
Title proper/short title Medicinal herbs
260 ## - PUBLICATION, DISTRIBUTION, ETC.
Place of publication, distribution, etc. North Adams, MA :
Name of publisher, distributor, etc. Storey Pub.,
Date of publication, distribution, etc. 2012.
300 ## - PHYSICAL DESCRIPTION
Extent 224 p. :
Other physical details col. ill. ;
Dimensions 23 cm.
500 ## - GENERAL NOTE
General note Includes index.
650 #0 - SUBJECT ADDED ENTRY--TOPICAL TERM
Topical term or geographic name entry element Herbs
General subdivision Therapeutic use.
650 #0 - SUBJECT ADDED ENTRY--TOPICAL TERM
Topical term or geographic name entry element Materia medica, Vegetable.
906 ## - LOCAL DATA ELEMENT F, LDF (RLIN)
a 7
b cbc
c orignew
d 1
e ecip
f 20
g y-gencatlg
925 0# -
-- acquire
-- 2 shelf copies
-- policy default
955 ## - COPY-LEVEL INFORMATION (RLIN)
-- rd13 2012-02-22
-- rc20 2012-05-25 Z-CipVer to BCCD
-- rg07 2012-06-04 added copy 2 (telework)
Holdings
Withdrawn status Lost status Damaged status Not for loan Home library Current library Shelving location Date acquired Total checkouts Full call number Barcode Date last seen Price effective from Koha item type
        Riverside Riverside General stacks 22/03/2026   615.3/21 23 BC0010381 22/03/2026 22/03/2026 Books